|
|
|
|
| LEADER |
02192cas a2200265 a 4500 |
| 001 |
AALejournalIMF006192 |
| 008 |
230101c9999 xx r poo 0 0eng d |
| 020 |
|
|
|c 5.00 USD
|
| 020 |
|
|
|z 9781451874297
|
| 022 |
|
|
|a 1018-5941
|
| 040 |
|
|
|a BD-DhAAL
|c BD-DhAAL
|
| 100 |
1 |
|
|a Christiansen, Lone Engbo.
|
| 245 |
1 |
0 |
|a Growth and Structural Reforms :
|b A New Assessment /
|c Lone Engbo Christiansen, Thierry Tressel, Martin Schindler.
|
| 264 |
|
1 |
|a Washington, D.C. :
|b International Monetary Fund,
|c 2009.
|
| 300 |
|
|
|a 1 online resource (52 pages)
|
| 490 |
1 |
|
|a IMF Working Papers
|
| 500 |
|
|
|a <strong>Off-Campus Access:</strong> No User ID or Password Required
|
| 500 |
|
|
|a <strong>On-Campus Access:</strong> No User ID or Password Required
|
| 506 |
|
|
|a Electronic access restricted to authorized BRAC University faculty, staff and students
|
| 520 |
3 |
|
|a This paper presents a simultaneous assessment of the relationship between economic performance and three groups of economic reforms: domestic finance, trade, and the capital account. Among these, domestic financial reforms, and trade reforms, are robustly associated with economic growth, but only in middle-income countries. In contrast, we do not find any systematic positive relationship between capital account liberalization and economic growth. Moreover, the effect of domestic financial reforms on economic growth in middle-income countries is explained by improvements in measured aggregate TFP growth, not by higher aggregate investment. We present evidence that variation in the quality of property rights helps explain the heterogeneity of the effectiveness of financial and trade reforms in developing countries. The evidence suggests that sufficiently developed property rights are a precondition for reaping the benefits of economic reform. Our results are robust to endogeneity bias and a number of alternative specifications.
|
| 538 |
|
|
|a Mode of access: Internet
|
| 700 |
1 |
|
|a Schindler, Martin.
|
| 700 |
1 |
|
|a Tressel, Thierry.
|
| 830 |
|
0 |
|a IMF Working Papers; Working Paper ;
|v No. 2009/284
|
| 856 |
4 |
0 |
|z Full text available on IMF
|u http://elibrary.imf.org/view/journals/001/2009/284/001.2009.issue-284-en.xml
|z IMF e-Library
|